00263nam a2200097 a 450000500170000000800410001705000200005824500430007865000110012165000330013220141022142005.0080922s19uu xx 00 eng d aVCDbRAD11 2003 aRadyo :ban essay of Philippine radio. aVCD-MC aAN ESSAY OF PHILIPPINE RADIO